000 00570nam a2200181Ia 4500
008 100921s9999 xx 000 0 und d
082 _b18094
_a891.463 थ 83
100 _aजोगळेकर योगिनी.
245 _aजडण घडण.
260 _bराजेंद्र प्रकाशन, पुणे.
_c1983
300 _a256
_b---
365 _b42
520 _aललित-कादंबरी.
630 _aजडण घडण.
650 _aललित-कादंबरी.
730 _aजडण घडण.
942 _cBOOK
999 _c767207
_d767204